Państwa według jednej podpowiedzi #15 - Statystyki

Ogólne statystyki
  • Ten quiz został rozwiązany 3 228 razy
  • Średni wynik to 9 z 20
Statystyki odpowiedzi
Podpowiedź: Państwo: % Poprawnych
W 2019 odało do swojej nazwy słowo "Północn_", aby rozstrzygnąć nieporozumienie z Grecją. Macedonia Północna
87%
Ma więcej głowic nuklearnych niż jakiekolwiek inne państwo. Rosja
84%
Produkuje więcej stali niż cała reszta świata łącznie. Chiny
76%
Jest prawie całkowicie otoczone przez Senegal. Gambia
63%
Na jego fladze znajduje się cedr. Liban
59%
Jego król Jan Karol I po swojej abdykacji w 2014 roku jest nazywany "rey emérito". Hiszpania
58%
Przez dołączenie do NATO w 2024 roku przestało być neutralne po prawie 200 latach neutralności. Szwecja
55%
Niektóre z jego stanów to Bahia, Minas Gerais i Mato Grosso Brazylia
50%
Jest rządzone przez dwóch współksiążat, jednym z nich zawsze jest prezydent Francji. Andora
46%
Straciło swoją linię brzegową na rzecz Chile w wojnie o Pacyfik (wojnie o saletrę): Boliwia
45%
W 1879 na terenach, które dziś należą do niego toczyła się wojna brytyjsko-zuluska. Republika Południowej Afryki
37%
Założone przez wolnych emigrantów rasy czarnej. Liberia
35%
Na jego fladze znajduje się purpurowa papuga. Dominika
34%
Jako pierwsza państwo, w 2005 roku, dodało możliwość głosowania w wyborach przez internet. Estonia
32%
W 2023 roku jego współczynnik dzietności spadł do 0.72 - to najniższy wynik na świecie od co najmniej 1950 roku. Korea Południowa
28%
Na jego fladze znajduje się Union Jack i 9 gwiazd reprezentujących jego 9 wysp. Tuvalu
25%
Żył tam dront dodo. Mauritius
21%
Jego narodowe zespoły piłki nożnej są nazywane "Socceroos" i "Matildas". Australia
19%
Jest jedynym państwem, które zostało nazwane na cześć kobiety. Saint Lucia
16%
Jego dwie imienne wyspy są odzielone kanałem o szerokości 3 kilometrów, który nazywa się "The Narrows". Saint Kitts i Nevis
12%
Nie znaleziono quizów pasujących do podanych kryteriów
Rozkład punktacji
Procent ludzi z każdym wynikiem
Percentyl według liczby udzielonych odpowiedzi
Twoja historia wyników
Nie rozwiązałeś tego quizu